000 00301nam a2200121Ia 4500
008 190216s9999||||xx |||||||||||||| ||und||
100 _aVinayak Damodar Savarkar
245 4 _aThe Indian War Of Independence Of1857
260 _bKishore Pub
_c1967
300 _a497p
650 _aHistory
942 _cBK
999 _c18860
_d18860